| 000 | 01108nam a2200241 a 4500 | ||
|---|---|---|---|
| 001 | 000006386 | ||
| 005 | 20200929153926.0 | ||
| 008 | 090828t19871994dr 001 0 spa d | ||
| 040 |
_aDO-SdBNP _bspa _cBNPHU |
||
| 082 |
_a327.7293073 _bL817d |
||
| 100 | 1 |
_aLockward Pérez, Jorge Alfonso, _d1937-2001 _92059 |
|
| 245 | 1 | 0 |
_aDocumentos para la historia de las relaciones domínico-americanas / _cAlfonso Lockward. |
| 260 |
_aSanto Domingo : _bCorripio; Taller, _c1987-1994. |
||
| 300 |
_av. ; _c23 cm. |
||
| 500 | _aIncluye índice onomástico. | ||
| 500 | _aEl v.1 publicado por la Editora Corripio y v.2 publicado por la Editora Taller | ||
| 505 | 0 |
_gv.1. _t(1837-1860). _gv.2. _tLa doctrina de Monroe y Santo Domingo (1823-1868); documentos del 1861-1868. |
|
| 590 | _aInventariado, 2018/BT | ||
| 651 | 4 |
_aRepública Dominicana _xRelaciones Exteriores _zEstados Unidos _xColecciones De Escritos _917761 |
|
| 651 | 4 |
_aEstados Unidos _xRelaciones Exteriores _zRepública Dominicana _xColecciones De Escritos _917762 |
|
| 651 | 4 |
_aRepública Dominicana _xHistoria _9170 |
|
| 910 | _aValidado. Control de calidad. EMS | ||
| 999 |
_c6181 _d6181 |
||